[Event "Berlin-ch U18"]
[Site "Berlin"]
[Date "2006.01.31"]
[Round "3.4"]
[White "Mai, Andreas"]
[Black "Schultze, Max"]
[Result "1-0"]
[WhiteElo "1730"]
[BlackElo "1553"]
[PlyCount "103"]
[EventDate "2006.01.29"]
[EventType "swiss"]
[EventRounds "7"]
[EventCountry "GER"]
[SourceTitle "EXT 2022"]
[Source "ChessBase"]
[SourceDate "2021.10.06"]
[SourceVersion "1"]
[SourceVersionDate "2021.10.06"]
[SourceQuality "1"]

1. e4 e5 2. Nf3 Nc6 3. Bc4 Bc5 4. c3 Nf6 5. d4 exd4 6. cxd4 Bb4+ 7. Bd2 d5 8. exd5 Nxd5 9. 0-0 0-0 10. Bxb4 Ncxb4 11. Qb3 a5 12. Nc3 Nxc3 13. bxc3 Nc6 14. Rfe1 Qf6 15. Ne5 Nxe5 16. dxe5 a4 17. exf6 axb3 18. fxg7 Kxg7 19. axb3 Rxa1 20. Rxa1 Be6 21. Bxe6 fxe6 22. Ra7 Rd8 23. g3 Rd3 24. Rxb7 Rxc3 25. b4 Kg6 26. b5 e5 27. b6 cxb6 28. Rxb6+ Kf5 29. Rh6 Rc7 30. Kg2 Kg5 31. Rh4 Rf7 32. Ra4 h6 33. Ra5 Kf6 34. h3 Re7 35. Kf3 h5 36. Ra6+ Kg7 37. Ke4 Re8 38. h4 Rf8 39. f3 Re8 40. Ra5 Kf6 41. g4 hxg4 42. fxg4 Rh8 43. Ra6+ Kf7 44. h5 Re8 45. g5 Rh8 46. h6 Re8 47. Rf6+ Kg8 48. g6 Rd8 49. Rf7 Rd4+ 50. Kxe5 Rh4 51. Ra7 Rxh6 52. Kf6 1-0

[Event "Berlin-ch U18"]
[Site "Berlin"]
[Date "2006.01.29"]
[Round "1.3"]
[White "Bubolz, Konstantin"]
[Black "Schultze, Max"]
[Result "1/2-1/2"]
[WhiteElo "2051"]
[BlackElo "1553"]
[PlyCount "85"]
[EventDate "2006.01.29"]
[EventType "swiss"]
[EventRounds "7"]
[EventCountry "GER"]
[SourceTitle "EXT 2022"]
[Source "ChessBase"]
[SourceDate "2021.10.06"]
[SourceVersion "1"]
[SourceVersionDate "2021.10.06"]
[SourceQuality "1"]

1. d4 d5 2. c4 e6 3. Nc3 Be7 4. cxd5 exd5 5. Bf4 Nf6 6. e3 0-0 7. Bd3 b6 8. Nge2 Nbd7 9. 0-0 Bb7 10. Rc1 c5 11. Ng3 c4 12. Bb1 g6 13. Qf3 a6 14. Bh6 Re8 15. h4 Bf8 16. Bxf8 Nxf8 17. h5 b5 18. hxg6 fxg6 19. a3 Bc6 20. Qd1 Qe7 21. Re1 a5 22. e4 b4 23. Nxd5 Bxd5 24. exd5 Qxe1+ 25. Qxe1 Rxe1+ 26. Rxe1 Nxd5 27. Ne4 Kg7 28. Rc1 bxa3 29. bxa3 Nb6 30. Nd6 Ne6 31. Nxc4 Nxc4 32. Rxc4 Rd8 33. f4 Rxd4 34. Rxd4 Nxd4 35. Bd3 Kf6 36. Kf2 Ke6 37. Ke3 Nf5+ 38. Ke4 h5 39. Bc4+ Kd7 40. Bb5+ Ke6 41. Bc4+ Kf6 42. Bb3 Nh4 43. Bd1 1/2-1/2

[Event "GER-chT North U16"]
[Site "Syke"]
[Date "2004.09.19"]
[Round "7.4"]
[White "Grebener, Soeren"]
[Black "Schultze, Max"]
[Result "1-0"]
[WhiteElo "1332"]
[BlackElo "1570"]
[PlyCount "79"]
[EventDate "2004.09.16"]
[EventType "team-swiss"]
[EventRounds "7"]
[EventCountry "GER"]
[SourceTitle "EXT 2006"]
[Source "ChessBase"]
[SourceDate "2005.11.24"]
[SourceVersion "1"]
[SourceVersionDate "2005.11.24"]
[SourceQuality "1"]

1. e4 e5 2. Nf3 Nc6 3. Bc4 Bc5 4. d3 Nf6 5. Nc3 d6 6. Bg5 h6 7. Bh4 g5 8. Bg3 Bg4 9. h3 Bh5 10. Bh2 g4 11. hxg4 Bxg4 12. Nd5 Nd4 13. c3 Nxf3+ 14. gxf3 Bd7 15. f4 Nxd5 16. Bxd5 c6 17. Bb3 Qf6 18. f5 h5 19. Qe2 0-0-0 20. 0-0-0 Rdg8 21. f4 exf4 22. Bxf4 Rg4 23. Qh2 d5 24. Be5 Qg5+ 25. Kb1 Rh7 26. d4 Bb6 27. Rdg1 Bd8 28. Rxg4 Qxg4 29. Rg1 Qxe4+ 30. Bc2 Qh4 31. Qxh4 Bxh4 32. Rg8+ Bd8 33. Bf6 h4 34. Bxd8 b6 35. Bxh4+ Kb7 36. Bg5 Rh1+ 37. Bc1 Rf1 38. Rg7 Be8 39. b4 Ka6 40. Bd3+ 1-0

[Event "GER-chT North U16"]
[Site "Syke"]
[Date "2004.09.18"]
[Round "6.4"]
[White "Schultze, Max"]
[Black "Henrichsen, Lars"]
[Result "1-0"]
[WhiteElo "1570"]
[BlackElo "1300"]
[PlyCount "67"]
[EventDate "2004.09.16"]
[EventType "team-swiss"]
[EventRounds "7"]
[EventCountry "GER"]
[SourceTitle "EXT 2006"]
[Source "ChessBase"]
[SourceDate "2005.11.24"]
[SourceVersion "1"]
[SourceVersionDate "2005.11.24"]
[SourceQuality "1"]

1. e4 e5 2. Nf3 Nc6 3. d4 exd4 4. Nxd4 Nxd4 5. Qxd4 d6 6. Nc3 Be6 7. Bf4 Nf6 8. 0-0-0 Be7 9. e5 dxe5 10. Qxe5 Bd6 11. Qg5 Bxf4+ 12. Qxf4 Qe7 13. Bc4 0-0 14. Rhe1 Rad8 15. Bxe6 fxe6 16. Rxd8 Qxd8 17. Rxe6 Nd5 18. Qc4 Rf5 19. Nxd5 Rxd5 20. Re5 c6 21. Rxd5 Qxd5 22. Qxd5+ cxd5 23. Kd2 Kf7 24. Ke3 Ke6 25. Kd4 g6 26. g4 h5 27. h3 hxg4 28. hxg4 Kf6 29. f4 Ke6 30. f5+ gxf5 31. gxf5+ Kxf5 32. Kxd5 Kf4 33. c4 Ke3 34. b4 1-0

[Event "GER-chT North U16"]
[Site "Syke"]
[Date "2004.09.16"]
[Round "2.4"]
[White "Schultze, Max"]
[Black "Bracker, Arne"]
[Result "0-1"]
[WhiteElo "1570"]
[BlackElo "1730"]
[PlyCount "48"]
[EventDate "2004.09.16"]
[EventType "team-swiss"]
[EventRounds "7"]
[EventCountry "GER"]
[SourceTitle "EXT 2006"]
[Source "ChessBase"]
[SourceDate "2005.11.24"]
[SourceVersion "1"]
[SourceVersionDate "2005.11.24"]
[SourceQuality "1"]

1. e4 e6 2. d4 d5 3. exd5 exd5 4. c4 c6 5. Nc3 Nf6 6. Bg5 Be7 7. Bd3 0-0 8. Nge2 h6 9. Be3 dxc4 10. Bxc4 Bf5 11. Qd2 Ne4 12. Nxe4 Bxe4 13. f3 Bh4+ 14. Ng3 Bh7 15. 0-0-0 Na6 16. Nh5 Re8 17. g4 Qe7 18. Bf2 Bxf2 19. Qxf2 Nb4 20. Rhe1 Qg5+ 21. Qd2 Qg6 22. Re4 Rxe4 23. fxe4 Qxe4 24. Qxb4 Qc2# 0-1